लेखांकन एवं वित्तीय प्रबंध / (Record no. 120747)

MARC details
000 -LEADER
fixed length control field 01233nam a22002657a 4500
005 - DATE AND TIME OF LATEST TRANSACTION
control field 20170124103202.0
010 ## - LIBRARY OF CONGRESS CONTROL NUMBER
LC control number B-033809
020 ## - INTERNATIONAL STANDARD BOOK NUMBER
Terms of availability 125.00
International Standard Book Number 8177390783
035 ## - SYSTEM CONTROL NUMBER
System control number B-033809
037 ## - SOURCE OF ACQUISITION
Source of stock number/acquisition Cen Lib/Ret
040 ## - CATALOGING SOURCE
Original cataloging agency DPL
Language of cataloging HN
082 ## - DEWEY DECIMAL CLASSIFICATION NUMBER
Classification number 657
Item number गोयल
100 ## - MAIN ENTRY--PERSONAL NAME
Personal name गोयल, टी.के.
9 (RLIN) 73
245 ## - TITLE STATEMENT
Title लेखांकन एवं वित्तीय प्रबंध /
Statement of responsibility, etc टी.के. गोयल [एवं] राजेश गोयल
246 ## - VARYING FORM OF TITLE
Title proper/short title Lekhankan evam vittiya prabandh /
Remainder of title by T.K. Goyal [evam] Rajesh Goyal
260 ## - PUBLICATION, DISTRIBUTION, ETC. (IMPRINT)
Place of publication, distribution, etc नई दिल्ली
Name of publisher, distributor, etc अविचल पब्लिशिंग हाउस
Date of publication, distribution, etc 2000
270 ## - ADDRESS
City नई दिल्ली
Address 30, नयीवाला, करोल बाग
Postal code 110005
300 ## - PHYSICAL DESCRIPTION
Extent भिन्न पृष्ठ
Dimensions 22सेमी(सजिल्द )
650 ## - SUBJECT ADDED ENTRY--TOPICAL TERM
Topical term or geographic name as entry element वित्तीय प्रबंध
General subdivision
Geographic subdivision
9 (RLIN) 92398
650 ## - SUBJECT ADDED ENTRY--TOPICAL TERM
Topical term or geographic name as entry element वित्तीय प्रबंध -- लेखांकन
9 (RLIN) 3552
650 ## - SUBJECT ADDED ENTRY--TOPICAL TERM
Topical term or geographic name as entry element Financial Management
9 (RLIN) 92399
650 ## - SUBJECT ADDED ENTRY--TOPICAL TERM
Topical term or geographic name as entry element Financial Management - accounting
9 (RLIN) 92400
700 ## - ADDED ENTRY--PERSONAL NAME
Personal name गोयल, राजेश
9 (RLIN) 92401
942 ## - ADDED ENTRY ELEMENTS (KOHA)
Source of classification or shelving scheme Dewey Decimal Classification
Koha item type Hindi Books
Classification part 657
Call number suffix गोयल
Holdings
Withdrawn status Lost status Damaged status Not for loan Home library Current library Date acquired Source of acquisition Cost, normal purchase price Total Checkouts Total Renewals Full call number Barcode Date last seen Date checked out Copy number Cost, replacement price Price effective from Koha item type
        Central Library Central Library 28/09/2015 Cen Lib/Ret 125.00 5 1 657 गोयल B-033809 03/08/2022 03/08/2022 1 125.00 28/09/2015 Hindi Books

© Delhi Public Library
Hit Counter
free hit counter